[Event "Elit(Wasa-Limhamn)"]
[Site "?"]
[Date "2022.05.15"]
[Round "9"]
[White "Lindgren, Philip"]
[Black "Cramling, Pia"]
[Result "1/2-1/2"]
[WhiteElo "2356"]
[BlackElo "2452"]
[PlyCount "198"]

1. d4 Nf6 2. c4 e6 3. Nf3 d5 4. g3 Bb4+ 5. Bd2 Bd6 6. Qc2 Nc6 7. Bg2 O-O 8. c5
Be7 9. O-O Ne4 10. Nc3 f5 11. Rab1 Bf6 12. e3 e5 13. dxe5 Nxe5 14. Nxe5 Bxe5
15. Rfd1 c6 16. Ne2 Qe7 17. b4 Bd7 18. Bc1 h6 19. Bb2 Bc7 20. Nf4 Be8 21. Ba1
a6 22. Qb2 Nf6 23. Qd4 Rd8 24. a4 Kh7 25. Bh3 Bd7 26. Re1 Rde8 27. Nd3 Ne4 28.
Qb2 Qf7 29. Bg2 Re7 30. Qc2 Rfe8 31. Bd4 Nf6 32. Bf3 Kg8 33. Kg2 Ng4 34. h4 Ne5
35. Nxe5 Bxe5 36. Qd2 Kh7 37. h5 Qf6 38. Bxe5 Rxe5 39. Rh1 R8e7 40. Rh4 Qf8 41.
Rd4 Qc8 42. Qc3 Kh8 43. Rh1 Qe8 44. Rhh4 Qc8 45. Rhf4 Qe8 46. Qb3 Qc8 47. Rd2
Qe8 48. Rfd4 Qf7 49. Qd1 Kh7 50. Kg1 Qf8 51. Rf4 Qc8 52. Rdd4 Kh8 53. Be2 Re4
54. Bd3 Rxd4 55. exd4 Qe8 56. Qf3 Rf7 57. Kf1 Qe6 58. Qe2 Qxe2+ 59. Kxe2 Kg8
60. Rh4 Kf8 61. Kf3 Ke7 62. Kf4 Kf6 63. Rh1 Re7 64. Rb1 Be8 65. Rh1 Bd7 66. f3
Bc8 67. b5 axb5 68. axb5 Bd7 69. bxc6 bxc6 70. Rb1 Be8 71. Rb6 Rc7 72. Bb5 Ke6
73. Ba4 Kf6 74. Bb3 Ke6 75. Ba4 Kf6 76. Ra6 Ke6 77. Bc2 Bxh5 78. Bxf5+ Kf6 79.
g4 Be8 80. Bd3 g5+ 81. Ke3 h5 82. gxh5 Bxh5 83. Bb5 Be8 84. Ba4 Bd7 85. Kf2 Be8
86. Kg3 Bd7 87. f4 gxf4+ 88. Kxf4 Rc8 89. Ra7 Ke6 90. Ra6 Ke7 91. Ke3 Kd8 92.
Kd2 Kc7 93. Ra7+ Kd8 94. Kc3 Rb8 95. Ra6 Kc7 96. Ra7+ Rb7 97. Rxb7+ Kxb7 98.
Bc2 Bg4 99. Bd3 Bf3 1/2-1/2

[Event "Elit(Vaxjo-SK Rockaden, Stockholm)"]
[Site "?"]
[Date "2022.05.15"]
[Round "9"]
[White "Blomqvist, Erik"]
[Black "Hillarp, Tiger"]
[Result "1/2-1/2"]
[WhiteElo "2536"]
[BlackElo "2508"]
[PlyCount "189"]

1. e4 c5 2. c3 d5 3. exd5 Qxd5 4. d4 Nf6 5. Nf3 e6 6. Na3 Qd8 7. Nc4 Nc6 8.
Nce5 cxd4 9. Nxc6 bxc6 10. Qxd4 Qxd4 11. Nxd4 Bd7 12. Nf3 a5 13. Ne5 a4 14. Be2
Bd6 15. Ng4 Bc5 16. Bf3 Nd5 17. Ne5 f6 18. Nd3 Be7 19. Bd2 Kf7 20. c4 Nc7 21.
O-O-O Na6 22. Bc3 Ra7 23. Rhe1 Rd8 24. Be4 g6 25. f4 Rc8 26. Rd2 h5 27. a3 c5
28. Red1 Nb8 29. Nf2 Be8 30. Bf3 Rd7 31. Rxd7 Bxd7 32. Ne4 Bc6 33. Rd3 Rc7 34.
Kc2 Rd7 35. Rxd7 Bxd7 36. Kd3 Nc6 37. Bd1 Nd8 38. Ba5 Nb7 39. Bb6 Bc6 40. g3 e5
41. fxe5 fxe5 42. Bf3 Ke6 43. Bg2 Kd7 44. Bh3+ Ke8 45. Be6 Nd6 46. Nxc5 e4+ 47.
Kc2 Nf5 48. Bxf5 gxf5 49. Ne6 Kf7 50. Nd4 Bd7 51. b4 axb3+ 52. Kxb3 h4 53. a4
Bd6 54. Ne2 hxg3 55. hxg3 Ke6 56. a5 Bc8 57. Be3 Kd7 58. Kc3 Be5+ 59. Bd4 Bc7
60. Kb4 Kc6 61. Be3 Bd6+ 62. Kb3 Bc7 63. Ka4 Be5 64. Kb4 Bd6+ 65. Kb3 Be5 66.
Bd2 Kc5 67. Bb4+ Kc6 68. Bc3 Bc7 69. Be1 Be5 70. Bf2 Kb7 71. Kb4 Bd6+ 72. Bc5
Be5 73. Bb6 Bd6+ 74. Kc3 Be5+ 75. Bd4 Bc7 76. Kb4 Kc6 77. Be3 Bd6+ 78. Ka4 Be5
79. Kb3 Bc7 80. Bd2 Be5 81. Bf4 Bf6 82. Nc3 Bd8 83. Kb4 Be7+ 84. Kb3 Bd8 85.
Nd5 Bxa5 86. Ne7+ Kb7 87. c5 Bd7 88. Kc4 Bd8 89. c6+ Bxc6 90. Nxf5 Kc8 91. Kd4
Kd7 92. Ke5 Ke8 93. Nd6+ Kf8 94. Nxe4 Bxe4 95. Kxe4 1/2-1/2

[Event "Elit(Vasteras-Team Pelaro Alingsas)"]
[Site "?"]
[Date "2022.05.15"]
[Round "9"]
[White "Agrest, Inna"]
[Black "Akesson, Ralf"]
[Result "0-1"]
[WhiteElo "2238"]
[BlackElo "2396"]
[PlyCount "96"]

1. e4 c6 2. d4 d5 3. f3 e6 4. Nc3 Nf6 5. e5 Nfd7 6. f4 b6 7. Nf3 Ba6 8. Be2 Be7
9. Be3 g6 10. Qd2 h5 11. g3 Bxe2 12. Nxe2 b5 13. Qd3 Nb6 14. Ng5 Qd7 15. h3 a5
16. Kf2 Nc4 17. b3 Nxe3 18. Qxe3 c5 19. Nf3 Nc6 20. Kg2 Rc8 21. Rad1 cxd4 22.
Nexd4 Nxd4 23. Nxd4 Bc5 24. Qe2 Bxd4 25. Rxd4 Qc6 26. Rc1 Rc7 27. Kh2 b4 28.
Rd3 Ke7 29. Qd2 Rhc8 30. c4 bxc3 31. Qe1 Qb5 32. Rd4 c2 33. f5 gxf5 34. Qd2 Qc5
35. Qg5+ Kd7 36. Rd2 Qc3 37. Re2 Qf3 38. Rd2 h4 39. Qxh4 Rc3 40. Rg2 Qe3 41.
Qa4+ Ke7 42. Qh4+ Ke8 43. Rgg1 Rd3 44. Qa4+ Kf8 45. Qa3+ Kg7 46. Rg2 Rd2 47.
Qb2 Rxg2+ 48. Kxg2 Rc3 0-1

[Event "Elit(Wasa-Limhamn)"]
[Site "?"]
[Date "2022.05.15"]
[Round "9"]
[White "Engqvist, Thomas"]
[Black "Brynell, Stellan"]
[Result "1/2-1/2"]
[WhiteElo "2322"]
[BlackElo "2409"]
[PlyCount "70"]

1. d4 Nf6 2. c4 e6 3. Nf3 d5 4. Nc3 c5 5. cxd5 Nxd5 6. e4 Nxc3 7. bxc3 cxd4 8.
cxd4 Bb4+ 9. Bd2 Bxd2+ 10. Qxd2 O-O 11. a4 b6 12. Bb5 a6 13. Be2 Bb7 14. Qe3
Nc6 15. O-O Nb4 16. Rab1 a5 17. Bc4 Rc8 18. Rbc1 Qe7 19. Bb3 Ba6 20. Rxc8 Rxc8
21. Rc1 Rxc1+ 22. Qxc1 h6 23. h3 b5 24. Qd1 bxa4 25. Bxa4 Bb7 26. Qe2 Qc7 27.
Qe3 Bc6 28. Qc3 Qb7 29. Bxc6 Qxc6 30. Qa3 Qb5 31. Ne5 f6 32. Ng6 Kf7 33. Nh8+
Kg8 34. Ng6 Kf7 35. Nh8+ Kg8 1/2-1/2

[Event "Elit(Vaxjo-SK Rockaden, Stockholm)"]
[Site "?"]
[Date "2022.05.15"]
[Round "9"]
[White "Lindberg, Bengt"]
[Black "Seo, Jung Min"]
[Result "1/2-1/2"]
[WhiteElo "2366"]
[BlackElo "2466"]
[PlyCount "130"]

1. e4 e5 2. Nf3 Nc6 3. Bb5 Nf6 4. O-O Nxe4 5. Re1 Nd6 6. Nxe5 Be7 7. Bf1 Nxe5
8. Rxe5 O-O 9. d4 Bf6 10. Re1 Re8 11. Rxe8+ Nxe8 12. Bf4 d5 13. Nc3 c6 14. Ne2
Nd6 15. c3 Nf5 16. Ng3 Nxg3 17. Bxg3 Bf5 18. Bd3 Bxd3 19. Qxd3 Qe7 20. f3 Re8
21. Re1 Qd7 22. Rxe8+ Qxe8 23. Kf1 g6 24. Bf4 Qe6 25. Qe2 Qxe2+ 26. Kxe2 Kf8
27. Kd3 Ke8 28. b3 Kd7 29. h3 a6 30. Bd2 Be7 31. Bf4 Bf6 32. Bd2 Be7 33. Bf4
Ke6 34. Bd2 Bd6 35. Ke2 Bc7 36. f4 f5 37. Kf3 Bd8 38. g3 Bf6 39. Be1 Be7 40.
Bd2 Bd8 41. Be1 Bc7 42. Bd2 Bb6 43. Be3 Ba5 44. Bd2 Bd8 45. Be1 Bf6 46. Bd2 Bh8
47. Be1 Bg7 48. Bd2 Bh6 49. Be3 Bf8 50. Bd2 Bd6 51. Be3 Bb8 52. Bd2 Ba7 53. Be3
Bb6 54. Bf2 Kf7 55. Be3 Bd8 56. Bd2 Bf6 57. Be1 Be7 58. Bf2 Bf8 59. Be3 Be7 60.
Bd2 Bd8 61. Be1 Bf6 62. Bd2 Bg7 63. Be1 Bf6 64. Bd2 Bg7 65. Be1 Bf6 1/2-1/2

[Event "Elit(Vasteras-Team Pelaro Alingsas)"]
[Site "?"]
[Date "2022.05.15"]
[Round "9"]
[White "Carlsson, Ludvig"]
[Black "Wengholm, Anders"]
[Result "1/2-1/2"]
[WhiteElo "2355"]
[BlackElo "2216"]
[PlyCount "97"]

1. d4 d6 2. Nf3 g6 3. c4 Bg7 4. Nc3 Nf6 5. Bg5 O-O 6. e3 c5 7. d5 e6 8. Be2
exd5 9. cxd5 Bg4 10. O-O a6 11. a4 h6 12. Bh4 g5 13. Bg3 Nh5 14. Nd2 Nxg3 15.
hxg3 Bxe2 16. Qxe2 Nd7 17. Nde4 Nf6 18. g4 Nxe4 19. Nxe4 f5 20. gxf5 Rxf5 21.
Qd3 Rf8 22. Rab1 b5 23. axb5 axb5 24. Qxb5 Rb8 25. Qe2 Rb4 26. Qc2 Qe7 27. Nd2
Qe5 28. Qd3 Qf5 29. e4 Qf4 30. g3 Qg4 31. Kg2 Rd4 32. Qe3 Rxd2 33. Qxd2 Qf3+
34. Kh2 Qh5+ 35. Kg1 Bd4 36. Ra1 Qf3 37. Ra3 Qxe4 38. Qd3 Qxd3 39. Rxd3 Bxb2
40. Rb3 Be5 41. Rb6 Kg7 42. Kg2 g4 43. f4 gxf3+ 44. Rxf3 Ra8 45. Rc6 Ra2+ 46.
Rf2 Ra3 47. Rf3 Ra2+ 48. Rf2 Ra3 49. Rf3 1/2-1/2

[Event "Elit(Wasa-Limhamn)"]
[Site "?"]
[Date "2022.05.15"]
[Round "9"]
[White "Schneider, Stefan"]
[Black "Wessman, Richard"]
[Result "1-0"]
[WhiteElo "2375"]
[BlackElo "2422"]
[PlyCount "209"]

1. d4 d5 2. Nf3 Nf6 3. c4 c6 4. e3 e6 5. Bd3 Nbd7 6. O-O Bd6 7. Nbd2 O-O 8. e4
e5 9. cxd5 cxd5 10. exd5 exd4 11. Nc4 Nb6 12. Nxd6 Qxd6 13. Nxd4 Bg4 14. Qb3
Rad8 15. h3 Bd7 16. Nb5 Bxb5 17. Bxb5 Nbxd5 18. Bg5 a6 19. Be2 Qe5 20. Bxf6
Nxf6 21. Bf3 Rd7 22. Rad1 Rxd1 23. Rxd1 b5 24. Qb4 h5 25. b3 Rc8 26. Qd6 Qc3
27. Qxa6 b4 28. Qe2 g6 29. Qd2 Kg7 30. Qxc3 Rxc3 31. Rd4 Rc1+ 32. Kh2 Rc2 33.
Kg1 Rxa2 34. Rxb4 Ra1+ 35. Kh2 Ra2 36. Kg1 Ra1+ 37. Kh2 Ra2 38. Kg3 g5 39. h4
g4 40. Bb7 Ne8 41. f3 f5 42. fxg4 hxg4 43. h5 Nf6 44. Kh4 Ra1 45. Kg5 Rf1 46.
h6+ Kf7 47. Rf4 Rh1 48. Rxf5 Rh5+ 49. Kf4 Rxh6 50. Ba6 Rh2 51. Kg3 Rh1 52. Rf1
Rh8 53. b4 Kg6 54. Bd3+ Kf7 55. b5 Rd8 56. Be2 Ke7 57. Rb1 Rb8 58. Bxg4 Ne4+
59. Kf4 Nc3 60. Re1+ Kf6 61. Rc1 Nxb5 62. Rb1 Ke7 63. Ke5 Rg8 64. Bf3 Rg5+ 65.
Kf4 Kf6 66. g4 Rc5 67. Be2 Nd4 68. Rb6+ Ne6+ 69. Kg3 Rc2 70. Bd1 Rc3+ 71. Kh4
Ke5 72. Rb5+ Rc5 73. Rb4 Rc1 74. Bf3 Nd4 75. Bb7 Rc2 76. Kg5 Ne6+ 77. Kg6 Nf4+
78. Kh6 Rh2+ 79. Kg7 Ne6+ 80. Kg6 Nf4+ 81. Kg5 Ne6+ 82. Kg6 Nf4+ 83. Kf7 Rh7+
84. Kg8 Rh4 85. Re4+ Kf6 86. Rxf4+ Kg5 87. Rf1 Rxg4 88. Kg7 Rc4 89. Bd5 Rc7+
90. Bf7 Ra7 91. Rb1 Rc7 92. Rb5+ Kf4 93. Kf6 Rc6+ 94. Be6 Ra6 95. Rb4+ Ke3 96.
Ke5 Ra7 97. Rb3+ Kd2 98. Kd4 Rg7 99. Rb2+ Kc1 100. Rf2 Kb1 101. Bc4 Rg4+ 102.
Kc3 Rg3+ 103. Bd3+ Ka1 104. Rf4 Rg2 105. Rf1+ 1-0

[Event "Elit(Vaxjo-SK Rockaden, Stockholm)"]
[Site "?"]
[Date "2022.05.15"]
[Round "9"]
[White "Hedman, Erik"]
[Black "Olofsson-Dolk, Mattis"]
[Result "0-1"]
[WhiteElo "2368"]
[BlackElo "2176"]
[PlyCount "78"]

1. Nf3 c5 2. g3 d5 3. Bg2 Nf6 4. O-O e6 5. d3 Be7 6. Nbd2 Nc6 7. e4 b6 8. Re1
Bb7 9. b3 O-O 10. Bb2 Qc7 11. Qe2 Rad8 12. e5 Nd7 13. h4 b5 14. h5 Ba6 15. h6
g6 16. Nf1 c4 17. Ne3 Qb6 18. Ng4 b4 19. Rad1 Nc5 20. Qe3 cxd3 21. cxd3 Qa5 22.
Rd2 Rc8 23. Rc1 Qb6 24. Bf1 Bb7 25. Qf4 Nd7 26. Rdc2 a5 27. Bh3 Ba6 28. Ne3
Bxd3 29. Nxd5 exd5 30. Bxd7 Bxc2 31. Bxc8 Be4 32. Bh3 Nd8 33. Ng5 Ne6 34. Nxe6
fxe6 35. Qe3 Qxe3 36. Bxe6+ Kh8 37. fxe3 Bg5 38. Bf7 Bxe3+ 39. Kh2 Bxc1 0-1

[Event "Elit(Vasteras-Team Pelaro Alingsas)"]
[Site "?"]
[Date "2022.05.15"]
[Round "9"]
[White "Rasti, Arvin"]
[Black "Norberg, Johan"]
[Result "1-0"]
[WhiteElo "2157"]
[BlackElo "2286"]
[PlyCount "77"]

1. e4 g6 2. d4 Bg7 3. Nf3 d6 4. Bc4 Nf6 5. Qe2 O-O 6. e5 dxe5 7. dxe5 Nd5 8. h3
Nb6 9. Bb3 Nc6 10. Bd2 a5 11. a3 a4 12. Ba2 Bf5 13. Bc3 Qc8 14. O-O Be6 15.
Bxe6 Qxe6 16. Re1 Rad8 17. Nbd2 Rd5 18. Ne4 h6 19. Ned2 Rfd8 20. Nf1 Rc5 21.
Qe3 Rb5 22. Qe4 Nc4 23. Rad1 Rxd1 24. Rxd1 f5 25. Qe2 Rc5 26. Bb4 Nxb4 27. axb4
Rb5 28. Ne3 Rxb4 29. Nd5 Nxb2 30. Nxb4 Nxd1 31. Qxd1 c6 32. Qd8+ Kh7 33. Qa5
Qc4 34. Qxa4 e6 35. Qb3 Qe4 36. Nd3 b5 37. Nc5 Qd5 38. Qxd5 exd5 39. Nd3 1-0

[Event "Elit(Wasa-Limhamn)"]
[Site "?"]
[Date "2022.05.15"]
[Round "9"]
[White "Bellon Lopez, Juan Manuel"]
[Black "Eklund, Joel"]
[Result "1-0"]
[WhiteElo "2322"]
[BlackElo "2279"]
[PlyCount "85"]

1. d4 Nf6 2. Nf3 c5 3. e3 d5 4. Nbd2 cxd4 5. exd4 Nc6 6. c3 Bg4 7. h3 Bh5 8.
Qb3 Qc7 9. Bb5 e6 10. Ne5 Nd7 11. f4 Ndxe5 12. fxe5 Be7 13. O-O O-O 14. Nf3 Qb6
15. Bd3 Qxb3 16. axb3 Bg6 17. Bxg6 hxg6 18. b4 a5 19. b5 Nb8 20. Bg5 Re8 21.
Bxe7 Rxe7 22. Ra4 Kf8 23. b4 b6 24. Rfa1 Rea7 25. Nd2 Nd7 26. c4 dxc4 27. Nxc4
f6 28. Kf2 Rc8 29. bxa5 bxa5 30. b6 Rb7 31. Rb1 Ra8 32. Rb5 Ke7 33. Rbxa5 Rxa5
34. Rxa5 fxe5 35. Ra7 Rb8 36. Nxe5 Rxb6 37. Rxd7+ Kf6 38. Rf7+ Kg5 39. Rxg7
Rb2+ 40. Kg3 Rb3+ 41. Kh2 Kh5 42. Rxg6 Rxh3+ 43. gxh3 1-0

[Event "Elit(Vaxjo-SK Rockaden, Stockholm)"]
[Site "?"]
[Date "2022.05.15"]
[Round "9"]
[White "Rydstrom, Tom"]
[Black "Kenneskog, Theodor"]
[Result "1/2-1/2"]
[WhiteElo "2300"]
[BlackElo "2346"]
[PlyCount "40"]

1. e4 c5 2. Nf3 d6 3. Nc3 a6 4. d4 cxd4 5. Nxd4 Nf6 6. Bg5 e6 7. Qe2 Be7 8.
O-O-O Nxe4 9. Bxe7 Nxc3 10. Qg4 Nxa2+ 11. Kb1 Kxe7 12. Qxg7 Rg8 13. Qxh7 Nb4
14. Bc4 d5 15. Rhe1 Kf8 16. Qh6+ Rg7 17. Qh8+ Rg8 18. Qh6+ Rg7 19. Qh8+ Rg8 20.
Qh6+ Rg7 1/2-1/2

[Event "Elit(Vasteras-Team Pelaro Alingsas)"]
[Site "?"]
[Date "2022.05.15"]
[Round "9"]
[White "Bergstrom, Peter"]
[Black "Bjorklund, Thomas"]
[Result "1/2-1/2"]
[WhiteElo "2297"]
[BlackElo "2168"]
[PlyCount "86"]

1. e4 e5 2. Nf3 Nc6 3. d4 exd4 4. Nxd4 Nf6 5. Nxc6 bxc6 6. Bd3 d5 7. exd5 cxd5
8. O-O Be7 9. Nc3 O-O 10. Ne2 c5 11. c3 Rb8 12. b3 Bd6 13. Bf4 Re8 14. Bxd6
Qxd6 15. Ng3 Bd7 16. Qd2 Re7 17. Rfe1 Rbe8 18. Rxe7 Qxe7 19. Rd1 Qe5 20. Bf1 h6
21. f3 Qe3+ 22. Qxe3 Rxe3 23. Rc1 Kf8 24. Kf2 Re8 25. Rd1 Be6 26. Bd3 Rb8 27.
Ke3 a5 28. Kd2 a4 29. Rb1 axb3 30. axb3 Ra8 31. Kc2 Ke7 32. Bf5 Kd6 33. Kb2 g6
34. Bc2 Nd7 35. Rd1 f5 36. h4 Ke5 37. Re1+ Kf6 38. Ne2 Bf7 39. Rd1 Ke5 40. g3
Nb6 41. Nf4 Rb8 42. Kc1 Nd7 43. Kb2 Nb6 1/2-1/2

[Event "Elit(Wasa-Limhamn)"]
[Site "?"]
[Date "2022.05.15"]
[Round "9"]
[White "Helgason, Reynir"]
[Black "Wedberg, Tom"]
[Result "1/2-1/2"]
[WhiteElo "2272"]
[BlackElo "2406"]
[PlyCount "149"]

1. d4 Nf6 2. Bf4 d5 3. e3 c5 4. c3 Nc6 5. Nd2 e6 6. Ngf3 Bd6 7. Bg3 O-O 8. Bd3
b6 9. Qe2 Qc7 10. Rd1 e5 11. dxc5 bxc5 12. e4 d4 13. O-O Nh5 14. cxd4 Nxd4 15.
Nxd4 Nxg3 16. hxg3 cxd4 17. Rc1 Qe7 18. Rc2 Be6 19. Rfc1 Rfc8 20. Bc4 Bxc4 21.
Rxc4 Qb7 22. Rxc8+ Rxc8 23. Rxc8+ Qxc8 24. Qc4 Qb7 25. Qd5 Qxd5 26. exd5 Kf8
27. g4 f6 28. Kf1 d3 29. Nc4 Ke7 30. Ke1 g6 31. f3 f5 32. gxf5 gxf5 33. Kd2 e4
34. fxe4 fxe4 35. Ke3 Bb4 36. a3 Be1 37. Kxe4 d2 38. Ne3 Kd6 39. b4 a6 40. Nd1
Bh4 41. a4 Be7 42. Kd4 Bg5 43. Kc4 Be7 44. Nc3 Kd7 45. b5 Bf6 46. Nd1 axb5+ 47.
Kxb5 Kd6 48. Kc4 Bd8 49. Kd3 Kxd5 50. Nc3+ Kc5 51. Kxd2 Kb4 52. Kd3 Kb3 53. g4
Kb4 54. Ne4 Kxa4 55. Kc4 Bh4 56. Nc5+ Ka5 57. Nd7 Bd8 58. Nf8 h6 59. Nd7 Bg5
60. Kc5 Ka4 61. Ne5 Kb3 62. Nf7 Bc1 63. Kd5 Kc2 64. Ke4 Kd1 65. Kf3 Ke1 66. Nd6
Kf1 67. Ne4 Kg1 68. Kg3 Be3 69. Nc3 Bg5 70. Ne2+ Kf1 71. Nd4 Be3 72. Nf3 Ke2
73. Ne5 Bg5 74. Nf7 Ke3 75. Nxh6 1/2-1/2

[Event "Elit(Vaxjo-SK Rockaden, Stockholm)"]
[Site "?"]
[Date "2022.05.15"]
[Round "9"]
[White "Barkhagen, Jonas"]
[Black "Sevastianov, Andrii"]
[Result "1/2-1/2"]
[WhiteElo "2439"]
[BlackElo "2133"]
[PlyCount "102"]

1. d4 d5 2. c4 e6 3. Nc3 Nf6 4. Bg5 Be7 5. e3 Nbd7 6. Nf3 h6 7. Bh4 O-O 8. Rc1
c5 9. dxc5 dxc4 10. c6 Nb6 11. Qxd8 Bxd8 12. Ne5 bxc6 13. Nxc4 Nxc4 14. Bxc4
Nd5 15. Bxd8 Rxd8 16. O-O Rb8 17. Rfd1 Bd7 18. Na4 c5 19. Nxc5 Rxb2 20. Bb3 Bb5
21. e4 Be2 22. exd5 Bxd1 23. Rxd1 exd5 24. Nd3 Re2 25. Nf4 Re4 26. Nxd5 Kf8 27.
Kf1 a5 28. Rb1 Rh4 29. Ne3 Rxh2 30. Ke2 Rh4 31. Bc4 Rhd4 32. Rb5 a4 33. Rb4 a3
34. Ra4 Rb8 35. Rxa3 Rb2+ 36. Kf3 Rdd2 37. Ke4 g6 38. Ra7 f5+ 39. Ke5 Rxf2 40.
Nd1 Rfe2+ 41. Bxe2 Rxe2+ 42. Kf6 Ke8 43. Kxg6 f4 44. Kf5 Rd2 45. Nc3 Rxg2 46.
Kxf4 h5 47. Kf3 Rc2 48. Ne4 h4 49. Nd6+ Kd8 50. Kg4 Rg2+ 51. Kxh4 Rg4+ 1/2-1/2

[Event "Elit(Vasteras-Team Pelaro Alingsas)"]
[Site "?"]
[Date "2022.05.15"]
[Round "9"]
[White "Karle, Max"]
[Black "Petersson, Baldur Teodor"]
[Result "0-1"]
[WhiteElo "2062"]
[BlackElo "2242"]
[PlyCount "102"]

1. d4 Nf6 2. c4 e6 3. Nf3 c5 4. d5 exd5 5. cxd5 d6 6. Nc3 g6 7. Nd2 Bg7 8. e4
O-O 9. Be2 Nbd7 10. O-O Re8 11. a4 Ne5 12. f3 a6 13. Nc4 Rb8 14. Bg5 h6 15. Bh4
g5 16. Bf2 Nh5 17. Re1 Nf4 18. Bf1 Nxc4 19. Bxc4 Qd7 20. Qd2 Be5 21. Bf1 b5 22.
axb5 axb5 23. Ra5 b4 24. Ne2 Qc7 25. Rea1 Nxe2+ 26. Qxe2 f5 27. Ra7 Rb7 28. Qb5
Re7 29. Rxb7 Bxb7 30. Ra2 g4 31. b3 gxf3 32. gxf3 Rg7+ 33. Kh1 Qf7 34. Bg2 Kh7
35. Bg1 Bc8 36. Qd3 Qg6 37. Qe3 Bd4 38. Qd3 Bxg1 39. Kxg1 f4 40. Kh1 Bh3 41.
Qf1 Bxg2+ 42. Rxg2 Qxg2+ 43. Qxg2 Rxg2 44. Kxg2 c4 45. e5 Kg7 46. exd6 Kf7 47.
bxc4 b3 48. c5 b2 49. c6 b1=Q 50. c7 Qc2+ 51. Kh3 Qf5+ 0-1

[Event "Elit(Wasa-Limhamn)"]
[Site "?"]
[Date "2022.05.15"]
[Round "9"]
[White "Cramling, Dan"]
[Black "Ziegler, Ari"]
[Result "0-1"]
[WhiteElo "2290"]
[BlackElo "2323"]
[PlyCount "66"]

1. d4 Nf6 2. c4 e6 3. Nc3 Bb4 4. e3 c5 5. Bd3 Nc6 6. Nge2 cxd4 7. exd4 d5 8.
cxd5 Nxd5 9. O-O O-O 10. Nxd5 Qxd5 11. Qc2 h6 12. Rd1 Bd6 13. Be4 Nb4 14. Qb1
Bxh2+ 15. Kf1 Qh5 16. Bf3 Qh4 17. g3 Qh3+ 18. Bg2 Qh5 19. Bd2 Nd5 20. Qe4 g5
21. Bf3 Qh3+ 22. Bg2 Qh5 23. Nc3 b6 24. Qe2 g4 25. Be4 a5 26. Be3 Ba6 27. Bd3
Bb7 28. Bxh6 Qxh6 29. Qxg4+ Kh8 30. Re1 f5 31. Qd1 Bxg3 32. fxg3 Qh1+ 33. Kf2
Qh2+ 0-1

[Event "Elit(Vaxjo-SK Rockaden, Stockholm)"]
[Site "?"]
[Date "2022.05.15"]
[Round "9"]
[White "Fransson, Patrick"]
[Black "Trost, Edvin"]
[Result "0-1"]
[WhiteElo "2150"]
[BlackElo "2245"]
[PlyCount "86"]

1. d4 d5 2. Bg5 h6 3. Bh4 c5 4. dxc5 g5 5. Bg3 Bg7 6. c3 Na6 7. e4 dxe4 8.
Qxd8+ Kxd8 9. Bxa6 bxa6 10. Na3 f5 11. O-O-O+ Ke8 12. Bc7 Be6 13. Kb1 Rc8 14.
Ba5 Rxc5 15. Bb4 Rc8 16. Ne2 Nf6 17. h3 Nd7 18. Nd4 Bxd4 19. cxd4 Bd5 20. b3 e3
21. Rhe1 Be4+ 22. Kb2 exf2 23. Re2 a5 24. Bxa5 f1=Q 25. Rxf1 Bd3 26. Rfe1 Bxe2
27. Rxe2 Kf7 28. Nc4 Nf6 29. Re5 f4 30. Bb4 Rc7 31. d5 Rh7 32. Kc3 Rd7 33. Kd4
Rh8 34. d6 Rhd8 35. h4 exd6 36. Ra5 Rg8 37. Nxd6+ Kg6 38. hxg5 hxg5 39. Re5
Rxd6+ 40. Bxd6 Rd8 41. Re6 Kf5 42. Re5+ Kg4 43. Re6 Ne8 0-1

[Event "Elit(Vasteras-Team Pelaro Alingsas)"]
[Site "?"]
[Date "2022.05.15"]
[Round "9"]
[White "Norberg, Erik"]
[Black "Nowen, Linus"]
[Result "1-0"]
[WhiteElo "2235"]
[BlackElo "1599"]
[PlyCount "55"]

1. c4 Nf6 2. g3 d6 3. Bg2 e5 4. Nc3 Be7 5. d3 O-O 6. e4 a6 7. Nge2 c6 8. a4 a5
9. O-O Na6 10. h3 Nb4 11. Kh2 d5 12. f4 exf4 13. Nxf4 dxe4 14. Nxe4 Nxe4 15.
dxe4 Bf6 16. Qe2 Qe7 17. Be3 g6 18. Qf2 Re8 19. Bc5 Qe5 20. Bxb4 axb4 21. Nd3
Qc7 22. Qxf6 Be6 23. b3 b5 24. axb5 cxb5 25. Rxa8 Rxa8 26. Nxb4 bxc4 27. Nd5
Bxd5 28. exd5 1-0

[Event "Elit(LASK-Stockholms SS)"]
[Site "?"]
[Date "2022.05.15"]
[Round "9"]
[White "Hauge, Lars Oskar"]
[Black "Thybo, Jesper Sondergaard"]
[Result "1/2-1/2"]
[WhiteElo "2513"]
[BlackElo "2592"]
[PlyCount "117"]
[SourceDate "2022.05.21"]

1. e4 c5 2. Nf3 Nc6 3. Bb5 g6 4. O-O Bg7 5. d3 d6 6. Bxc6+ bxc6 7. e5 dxe5 8.
Re1 Qc7 9. Nbd2 Nh6 10. Nc4 f6 11. Be3 O-O 12. Qd2 Nf7 13. Qa5 Qxa5 14. Nxa5
Nd8 15. Bxc5 Kf7 16. d4 Bg4 17. dxe5 Bxf3 18. gxf3 Ne6 19. Be3 f5 20. Nxc6 f4
21. Bd2 Rfc8 22. Nb4 a5 23. Nd3 Nd4 24. Red1 Nxf3+ 25. Kg2 Nxe5 26. Bxf4 Nxd3
27. cxd3 Rc2 28. Rd2 Rac8 29. Rb1 a4 30. d4 Rxd2 31. Bxd2 Bxd4 32. Rc1 Rd8 33.
Rc2 e5 34. b3 axb3 35. axb3 Ke6 36. b4 Rd7 37. Be3 Rb7 38. Bxd4 exd4 39. Kf3
Rxb4 40. Ke4 Rb3 41. Rc6+ Kf7 42. Rc7+ Kg8 43. Rc8+ Kg7 44. Rc7+ Kh6 45. Kxd4
Rh3 46. f4 Rxh2 47. Ke3 Rh3+ 48. Kf2 Ra3 49. Kg2 Rb3 50. Kf2 Rb8 51. Kg3 Rg8
52. Kg4 Rg7 53. Rxg7 Kxg7 54. f5 gxf5+ 55. Kxf5 Kf7 56. Kg5 Kf8 57. Kh6 Kg8 58.
Kh5 h6 59. Kxh6 1/2-1/2

[Event "Elit(Eksjo-Kungstornet)"]
[Site "?"]
[Date "2022.05.15"]
[Round "9"]
[White "Gdanski, Jacek"]
[Black "Lyrberg, Patrik"]
[Result "1-0"]
[WhiteElo "2499"]
[BlackElo "2462"]
[PlyCount "55"]

1. e4 c6 2. d4 d5 3. exd5 cxd5 4. c4 Nf6 5. Nc3 e6 6. Nf3 Be7 7. cxd5 exd5 8.
Bb5+ Nbd7 9. O-O O-O 10. Bg5 Nb6 11. Ne5 Ne4 12. Bxe7 Qxe7 13. Bd3 f6 14. Ng4
Bxg4 15. Qxg4 f5 16. Qe2 Qf6 17. Rad1 Rac8 18. Bxe4 dxe4 19. f3 exf3 20. Qxf3
Rf7 21. Rfe1 Rd7 22. d5 Rcd8 23. Re6 Qf8 24. h3 Nxd5 25. Rxd5 Rxd5 26. Nxd5
Qc5+ 27. Ne3 Kf7 28. Re4 1-0

[Event "Elit(LASK-Stockholms SS)"]
[Site "?"]
[Date "2022.05.15"]
[Round "9"]
[White "Tari, Aryan"]
[Black "Westerberg, Jonathan"]
[Result "1-0"]
[WhiteElo "2660"]
[BlackElo "2494"]
[PlyCount "80"]

1. e4 c5 2. Nf3 e6 3. c3 d5 4. exd5 exd5 5. Bb5+ Bd7 6. Bxd7+ Qxd7 7. O-O Bd6
8. d4 Nc6 9. dxc5 Bxc5 10. b4 Bd6 11. b5 Nce7 12. c4 dxc4 13. Bb2 f6 14. Nbd2
Rc8 15. Rc1 Nh6 16. Nxc4 Bc5 17. Qb3 Nf7 18. Rfd1 Qg4 19. h3 Qf4 20. Na5 b6 21.
Nb7 O-O 22. Nxc5 bxc5 23. Qe6 Ng6 24. Rd7 Qb8 25. Qc4 a6 26. a4 axb5 27. axb5
Rce8 28. Rcd1 Nf4 29. Qxc5 Ne6 30. Qc6 Nfd8 31. Qd5 Rf7 32. g3 Rxd7 33. Qxd7
Nf7 34. Re1 Nc7 35. b6 Rxe1+ 36. Nxe1 Ne8 37. Ba3 Ned6 38. Bc5 Qb7 39. Qe6 Qc6
40. Bxd6 Qxd6 1-0

[Event "Elit(Eksjo-Kungstornet)"]
[Site "?"]
[Date "2022.05.15"]
[Round "9"]
[White "Eriksson, Johan"]
[Black "Rothen, Hakan"]
[Result "1/2-1/2"]
[WhiteElo "2382"]
[BlackElo "2247"]
[PlyCount "55"]

1. c4 e6 2. g3 d5 3. Bg2 a6 4. b3 Nf6 5. Bb2 Be7 6. Nf3 O-O 7. O-O b5 8. Qc2
Bb7 9. Rc1 c5 10. cxd5 Nxd5 11. Nc3 Nd7 12. Nxd5 exd5 13. d4 c4 14. bxc4 dxc4
15. Rd1 Qb6 16. d5 Bc5 17. e3 Rac8 18. Nh4 Rfe8 19. Nf5 f6 20. Qe2 Ne5 21. Be4
Rcd8 22. Rac1 Bc8 23. Nd4 Bxd4 24. Bxd4 Qd6 25. Rd2 Nd3 26. Bxd3 cxd3 27. Qxd3
Qxd5 28. Qb3 1/2-1/2

[Event "Elit(Eksjo-Kungstornet)"]
[Site "?"]
[Date "2022.05.15"]
[Round "9"]
[White "Lukez, Franko"]
[Black "Glimbrant, Torbjorn"]
[Result "1-0"]
[WhiteElo "284"]
[BlackElo "2239"]
[PlyCount "91"]

1. Nf3 Nf6 2. g3 g6 3. Bg2 Bg7 4. O-O O-O 5. c4 c6 6. d3 d5 7. Qc2 Nbd7 8. Nbd2
e5 9. Rb1 Re8 10. e4 dxe4 11. Nxe4 Nxe4 12. dxe4 Nc5 13. Rd1 Qc7 14. Be3 Ne6
15. c5 b6 16. b4 bxc5 17. Bxc5 Nxc5 18. Qxc5 Be6 19. a4 Rac8 20. Rdc1 Qb8 21.
Bf1 Bg4 22. Nd2 Bf8 23. Qc3 Bh6 24. Rc2 Bxd2 25. Rxd2 Qb6 26. a5 Qc7 27. h3 Be6
28. Qc5 Rcd8 29. Rbd1 Rxd2 30. Rxd2 Qe7 31. Rd6 Rd8 32. Rxd8+ Qxd8 33. Qxa7 Qd1
34. Kg2 Bxh3+ 35. Kxh3 Qxf1+ 36. Kh2 h5 37. Qb6 h4 38. gxh4 Qc1 39. Qb8+ Kh7
40. Qxe5 Qd2 41. Qf6 Qxb4 42. Qxf7+ Kh6 43. Qf4+ Kh7 44. a6 Qe7 45. e5 Qa7 46.
e6 1-0

[Event "Elit(LASK-Stockholms SS)"]
[Site "?"]
[Date "2022.05.15"]
[Round "9"]
[White "Smith, Axel"]
[Black "Olund, Joar"]
[Result "0-1"]
[WhiteElo "2437"]
[BlackElo "2349"]
[PlyCount "93"]

1. e4 c6 2. d4 d5 3. e5 Bf5 4. h4 h6 5. g4 Bd7 6. Nc3 e6 7. Be3 Qc7 8. Qd2 a6
9. Nge2 c5 10. dxc5 Bxc5 11. O-O-O Bxe3 12. Qxe3 Nc6 13. f4 Nge7 14. h5 O-O-O
15. Kb1 Kb8 16. a3 f6 17. exf6 gxf6 18. Rg1 Bc8 19. Bg2 Na5 20. b3 Nac6 21. Qc5
d4 22. Na4 Nd5 23. Nxd4 Nxd4 24. Qxd4 Nxf4 25. Qf2 e5 26. Rxd8 Rxd8 27. Nc5 Rd4
28. b4 Qd8 29. Qf3 Nxg2 30. Rxg2 b6 31. Nb3 Bb7 32. Qf2 Rd1+ 33. Kb2 Bxg2 34.
Qxg2 Qd6 35. Qe2 Ka7 36. Qe3 e4 37. Qxh6 Qe5+ 38. Ka2 Rd7 39. Qe3 f5 40. gxf5
Qxf5 41. h6 Qf3 42. Qe1 e3 43. Qh4 Qf2 44. Qe4 e2 45. h7 e1=Q 46. Qg6 Qc3 47.
h8=Q 0-1